[Event "New York op"]
[Site "New York"]
[Date "1987.??.??"]
[Round "?"]
[White "Ftacnik, Lubomir"]
[Black "Olafsson, Helgi"]
[Result "1/2-1/2"]
[WhiteElo "2540"]
[BlackElo "2555"]
[PlyCount "83"]
[EventDate "1987.04.??"]
[EventType "swiss"]
[EventRounds "11"]
[EventCountry "USA"]
[Source "Fruth,M"]
[SourceDate "2003.05.15"]

1. d4 Nf6 2. c4 e6 3. Nf3 d5 4. Nc3 Be7 5. Bg5 h6 6. Bxf6 Bxf6 7. e3 O-O 8. Rc1
c6 9. Bd3 Nd7 10. O-O dxc4 11. Bxc4 e5 12. h3 exd4 13. exd4 Nb6 14. Bb3 Bf5 15.
Re1 a5 16. a3 Re8 17. Rxe8+ Qxe8 18. Qd2 Qd7 19. Re1 Re8 20. Rxe8+ Qxe8 21. Qf4
Be6 22. Bxe6 Qxe6 23. Qb8+ Qc8 24. Qa7 Nc4 25. Qc5 Qe6 26. d5 cxd5 27. Nxd5
Nxb2 28. Qxa5 Nc4 29. Qa8+ Kh7 30. Qxb7 Nxa3 31. Qb3 Be7 32. Qd3+ Kg8 33. Nxe7+
Qxe7 34. g4 Qc5 35. Qd8+ Qf8 36. Qd5 Nc2 37. Ne5 Qe8 38. Qc5 Nb4 39. f4 Na6 40.
Qd6 Qb5 41. Qd8+ Kh7 42. Qd3+ 1/2-1/2

[Event "Moscow-A"]
[Site "Moscow"]
[Date "1987.??.??"]
[Round "?"]
[White "Lerner, Konstantin Z"]
[Black "Geller, Efim P"]
[Result "1/2-1/2"]
[WhiteElo "2555"]
[BlackElo "2500"]
[PlyCount "34"]
[EventDate "1987.06.??"]
[EventType "tourn"]
[EventRounds "13"]
[EventCountry "URS"]
[EventCategory "12"]
[Source "Fruth,M"]
[SourceDate "2003.05.15"]

1. d4 d5 2. c4 e6 3. Nc3 Be7 4. Nf3 Nf6 5. Bg5 h6 6. Bxf6 Bxf6 7. Qb3 c6 8. e4
O-O 9. O-O-O dxc4 10. Bxc4 b5 11. Be2 Qa5 12. e5 Be7 13. Kb1 Na6 14. Rc1 Bb7
15. Bd3 Rab8 16. Ka1 Rfd8 17. Rhd1 b4 1/2-1/2

[Event "Moscow-A"]
[Site "Moscow"]
[Date "1987.??.??"]
[Round "?"]
[White "Malaniuk, Vladimir P"]
[Black "Lerner, Konstantin Z"]
[Result "1/2-1/2"]
[WhiteElo "2575"]
[BlackElo "2555"]
[PlyCount "35"]
[EventDate "1987.06.??"]
[EventType "tourn"]
[EventRounds "13"]
[EventCountry "URS"]
[EventCategory "12"]
[Source "Fruth,M"]
[SourceDate "2003.05.15"]

1. d4 d5 2. c4 e6 3. Nf3 Nf6 4. Nc3 Be7 5. Bg5 h6 6. Bxf6 Bxf6 7. e3 O-O 8. Qc2
Na6 9. Qd2 dxc4 10. Bxc4 c5 11. Ne4 cxd4 12. Nxf6+ Qxf6 13. Qxd4 Qe7 14. O-O b6
15. Rfd1 Bb7 16. Qd7 Qxd7 17. Rxd7 Nc5 18. Rd4 1/2-1/2

[Event "Moscow-A"]
[Site "Moscow"]
[Date "1987.??.??"]
[Round "?"]
[White "Petursson, Margeir"]
[Black "Geller, Efim P"]
[Result "1/2-1/2"]
[WhiteElo "2535"]
[BlackElo "2500"]
[PlyCount "70"]
[EventDate "1987.06.??"]
[EventType "tourn"]
[EventRounds "13"]
[EventCountry "URS"]
[EventCategory "12"]
[Source "Fruth,M"]
[SourceDate "2003.05.15"]

1. d4 d5 2. c4 e6 3. Nc3 Be7 4. Nf3 Nf6 5. Bg5 h6 6. Bxf6 Bxf6 7. e3 O-O 8. Rc1
c6 9. Bd3 Nd7 10. O-O dxc4 11. Bxc4 e5 12. h3 exd4 13. exd4 Nb6 14. Bb3 Re8 15.
Re1 Bf5 16. Rxe8+ Qxe8 17. Qd2 Qd7 18. Re1 a5 19. a3 a4 20. Ba2 Rd8 21. Qf4 Bg6
22. Ne5 Bxe5 23. dxe5 Qd2 24. Re3 Nd5 25. Bxd5 cxd5 26. Qh4 Rd7 27. e6 fxe6 28.
Qxa4 Rf7 29. Re2 Qc1+ 30. Kh2 Kh7 31. Qd4 Qf4+ 32. Qxf4 Rxf4 33. Rxe6 d4 34.
Ne2 Rxf2 35. Nxd4 Rxb2 1/2-1/2

[Event "Moscow-A"]
[Site "Moscow"]
[Date "1988.??.??"]
[Round "?"]
[White "Chernin, Alexander"]
[Black "Kharitonov, Andrei Y"]
[Result "1/2-1/2"]
[WhiteElo "2560"]
[BlackElo "2550"]
[PlyCount "28"]
[EventDate "1988.??.??"]
[EventType "tourn"]
[EventRounds "11"]
[EventCountry "URS"]
[EventCategory "12"]
[Source "Fruth,M"]
[SourceDate "2003.05.15"]

1. d4 Nf6 2. Nf3 d5 3. c4 e6 4. Nc3 Be7 5. Bg5 h6 6. Bxf6 Bxf6 7. e3 O-O 8. Qd2
c6 9. h3 Nd7 10. cxd5 exd5 11. Bd3 Re8 12. O-O Nf8 13. b4 a6 14. Na4 g6 1/2-1/2

[Event "Thessaloniki olm"]
[Site "Thessaloniki"]
[Date "1988.??.??"]
[Round "?"]
[White "Milos, Gilberto"]
[Black "Hjartarson, Johann"]
[Result "1-0"]
[WhiteElo "2530"]
[BlackElo "2610"]
[PlyCount "85"]
[EventDate "1988.??.??"]
[EventType "team"]
[EventRounds "14"]
[EventCountry "GRE"]
[Source "Fruth,M"]
[SourceDate "2003.05.15"]

1. Nf3 d5 2. c4 e6 3. d4 Nf6 4. Nc3 Be7 5. Bg5 h6 6. Bxf6 Bxf6 7. e3 O-O 8. Rc1
c6 9. Bd3 Nd7 10. O-O dxc4 11. Bxc4 e5 12. h3 exd4 13. exd4 Nb6 14. Bb3 Bf5 15.
Re1 Re8 16. Rxe8+ Qxe8 17. Qd2 Qd7 18. Re1 Nd5 19. Ne5 Bxe5 20. Rxe5 Nf6 21.
Qf4 Bg6 22. Qe3 Re8 23. g4 h5 24. f3 Kh7 25. Ne2 Nd5 26. Bxd5 Rxe5 27. Qxe5
Qxd5 28. Qxd5 cxd5 29. Nc3 hxg4 30. hxg4 f5 31. gxf5 Bxf5 32. Nxd5 Be6 33. Nc3
Kg6 34. Kf2 Kf5 35. Ke3 g5 36. d5 Bd7 37. Kd4 b6 38. Ne4 a5 39. Nd6+ Kf4 40.
Nf7 Kxf3 41. Ne5+ Ke2 42. Nxd7 g4 43. Nf6 1-0

[Event "Tilburg"]
[Site "?"]
[Date "1988.??.??"]
[Round "?"]
[White "Hjartarson, Johann"]
[Black "Karpov, Anatoly"]
[Result "*"]
[WhiteElo "2610"]
[BlackElo "2725"]
[PlyCount "63"]
[EventDate "1988.??.??"]
[Source "Fruth,M"]
[SourceDate "2003.05.15"]

1. d4 Nf6 2. c4 e6 3. Nf3 d5 4. Nc3 Be7 5. Bg5 h6 6. Bxf6 Bxf6 7. e3 O-O 8. Rc1
c6 9. Bd3 Nd7 10. O-O dxc4 11. Bxc4 e5 12. h3 exd4 13. exd4 Nb6 14. Bb3 Re8 15.
Re1 Bf5 16. Rxe8+ Qxe8 17. Qd2 Qd7 18. Re1 Nd5 19. Nxd5 cxd5 20. Qf4 Be6 21.
Ne5 Qb5 22. Ng4 Bxg4 23. Qxg4 Rd8 24. Rc1 Qb4 25. Rc8 Qe1+ 26. Kh2 Qxf2 27.
Bxd5 b5 28. Qf3 Qxf3 29. Rxd8+ Bxd8 30. Bxf3 Bf6 31. b4 Bxd4 32. Bc6 *

[Event "USA-ch"]
[Site "?"]
[Date "1988.??.??"]
[Round "?"]
[White "Dlugy, Maxim"]
[Black "Frias Pablaza, Victor J"]
[Result "1/2-1/2"]
[WhiteElo "2545"]
[BlackElo "2510"]
[PlyCount "31"]
[EventDate "1988.??.??"]
[EventType "tourn"]
[Source "Fruth,M"]
[SourceDate "2003.05.15"]

1. d4 Nf6 2. c4 e6 3. Nf3 d5 4. Bg5 Be7 5. Nc3 h6 6. Bxf6 Bxf6 7. e3 O-O 8. Rc1
c6 9. Bd3 Nd7 10. O-O a6 11. b3 b5 12. Qe2 Bb7 13. e4 dxc4 14. bxc4 e5 15. d5
Nc5 16. Bc2 1/2-1/2

[Event "World Cup"]
[Site "Barcelona"]
[Date "1989.??.??"]
[Round "?"]
[White "Jussupow, Artur"]
[Black "Short, Nigel D"]
[Result "*"]
[WhiteElo "2610"]
[BlackElo "2650"]
[PlyCount "41"]
[EventDate "1989.03.??"]
[EventType "tourn"]
[EventRounds "17"]
[EventCountry "ESP"]
[EventCategory "15"]
[Source "Fruth,M"]
[SourceDate "2003.05.15"]

1. d4 d5 2. Nf3 Nf6 3. c4 e6 4. Nc3 Be7 5. Bg5 h6 6. Bxf6 Bxf6 7. e3 O-O 8. Qb3
c6 9. Rd1 Nd7 10. Bd3 b6 11. O-O Bb7 12. Rfe1 Re8 13. Bb1 Rc8 14. cxd5 exd5 15.
e4 Nf8 16. e5 Be7 17. Qc2 Rc7 18. a3 Bc8 19. h3 g6 20. Qd2 Kg7 21. Nh2 *

[Event "YUG-ch"]
[Site "YUG"]
[Date "1989.??.??"]
[Round "?"]
[White "Drasko, Milan"]
[Black "Damljanovic, Branko"]
[Result "1/2-1/2"]
[WhiteElo "2505"]
[BlackElo "2530"]
[PlyCount "32"]
[EventDate "1989.02.??"]
[EventType "tourn"]
[EventRounds "17"]
[EventCountry "YUG"]
[SourceDate "1999.07.01"]

1. Nf3 Nf6 2. c4 e6 3. Nc3 d5 4. d4 Be7 5. Bg5 h6 6. Bxf6 Bxf6 7. e3 O-O 8. Rc1
c6 9. Bd3 Nd7 10. O-O dxc4 11. Bxc4 c5 12. Ne4 cxd4 13. Nxd4 Nb6 14. Bb3 Bxd4
15. Qxd4 Qxd4 16. exd4 Bd7 1/2-1/2

[Event "Munich IT"]
[Site "Munich"]
[Date "1989.??.??"]
[Round "?"]
[White "Cebalo, Miso"]
[Black "Van der Sterren, Paul"]
[Result "0-1"]
[WhiteElo "2505"]
[BlackElo "2500"]
[PlyCount "124"]
[EventDate "1989.04.??"]
[EventType "tourn"]
[EventRounds "11"]
[EventCountry "GER"]
[EventCategory "10"]
[SourceDate "1999.07.01"]

1. c4 e6 2. d4 Nf6 3. Nf3 d5 4. Nc3 Be7 5. Bg5 h6 6. Bxf6 Bxf6 7. Rc1 O-O 8. e3
c6 9. Bd3 Nd7 10. cxd5 exd5 11. b4 Be7 12. b5 Ba3 13. Rc2 Bd6 14. O-O Nf6 15.
bxc6 bxc6 16. Na4 Ne4 17. Ne5 Qe8 18. f3 c5 19. fxe4 cxd4 20. Ng4 dxe4 21. Bc4
Bxg4 22. Qxg4 Qxa4 23. Qxe4 Rae8 24. Qf5 dxe3 25. Bxf7+ Kh8 26. Bxe8 Qd4 27.
Qxf8+ Bxf8 28. Re2 Bb4 29. Bg6 Qd6 30. Bc2 Bd2 31. g3 g6 32. a4 Kg7 33. Bd1 Qc5
34. h4 Qd6 35. Kg2 Qd5+ 36. Kh2 Qe4 37. Rf4 Qb1 38. Rf1 Qb7 39. Kg1 Qd5 40. Kh2
Qd3 41. Kg2 Bb4 42. Rb2 Qd4 43. Re2 Qd3 44. Rb2 Qd4 45. Re2 g5 46. h5 Qe4+ 47.
Kg1 Bc5 48. Kh2 Bd6 49. Bb3 Qh4+ 50. Kg1 Qxh5 51. Rf7+ Kg6 52. Rxe3 Bc5 53. Kg2
Bxe3 54. Rf3 Bf4 55. gxf4 Qg4+ 56. Kf2 Qh4+ 57. Kg2 Qg4+ 58. Kf2 Qh4+ 59. Kg2
gxf4 60. Be6 Qf6 61. Bb3 Qb2+ 62. Kh3 Kf5 {(Lubomir Ftacnik)} 0-1

[Event "Moscow IT A"]
[Site "Moscow"]
[Date "1989.??.??"]
[Round "?"]
[White "Vyzmanavin, Alexey"]
[Black "Kharitonov, Andrei Y"]
[Result "1/2-1/2"]
[WhiteElo "2550"]
[BlackElo "2520"]
[PlyCount "28"]
[EventDate "1989.05.??"]
[EventType "tourn"]
[EventRounds "11"]
[EventCountry "URS"]
[EventCategory "11"]
[SourceDate "1999.07.01"]

1. d4 Nf6 2. c4 e6 3. Nf3 d5 4. Nc3 Be7 5. Bg5 h6 6. Bxf6 Bxf6 7. e3 O-O 8. Rc1
c6 9. Bd3 Nd7 10. O-O dxc4 11. Bxc4 e5 12. Ne4 exd4 13. Nxf6+ Nxf6 14. Qxd4 Qe7
1/2-1/2

[Event "YUG-ch"]
[Site "Kladovo"]
[Date "1991.??.??"]
[Round "7"]
[White "Drasko, Milan"]
[Black "Damljanovic, Branko"]
[Result "1/2-1/2"]
[WhiteElo "2500"]
[BlackElo "2560"]
[PlyCount "22"]
[EventDate "1991.02.??"]
[EventType "swiss"]
[EventRounds "13"]
[EventCountry "YUG"]
[Source "Fruth,M"]
[SourceDate "2003.05.15"]

1. d4 Nf6 2. c4 e6 3. Nf3 d5 4. Nc3 Be7 5. Bg5 h6 6. Bxf6 Bxf6 7. e3 O-O 8. Rc1
c6 9. Bd3 Nd7 10. O-O dxc4 11. Bxc4 c5 1/2-1/2

[Event "Cacak IT A"]
[Site "Cacak"]
[Date "1991.??.??"]
[Round "9"]
[White "Drasko, Milan"]
[Black "Abramovic, Bosko"]
[Result "1/2-1/2"]
[WhiteElo "2500"]
[BlackElo "2520"]
[PlyCount "26"]
[EventDate "1991.05.??"]
[EventType "tourn"]
[EventRounds "11"]
[EventCountry "YUG"]
[EventCategory "10"]
[Source "Fruth,M"]
[SourceDate "2003.05.15"]

1. d4 d5 2. c4 e6 3. Nc3 Be7 4. Nf3 Nf6 5. Bg5 h6 6. Bxf6 Bxf6 7. e3 O-O 8. Rc1
c6 9. Bd3 Nd7 10. Kf1 dxc4 11. Bxc4 e5 12. Ne4 exd4 13. Nxf6+ Nxf6 1/2-1/2

[Event "EU-ch TT"]
[Site "Debrecen"]
[Date "1992.??.??"]
[Round "7"]
[White "Piket, Jeroen"]
[Black "Sturua, Zurab"]
[Result "0-1"]
[WhiteElo "2625"]
[BlackElo "2545"]
[PlyCount "48"]
[EventDate "1992.11.??"]
[EventType "team"]
[EventRounds "9"]
[EventCountry "HUN"]
[Source "Fruth,M"]
[SourceDate "2003.05.15"]

1. d4 d5 2. c4 e6 3. Nc3 Be7 4. Nf3 Nf6 5. Bg5 h6 6. Bxf6 Bxf6 7. e3 O-O 8. Qc2
Na6 9. Rd1 c5 10. dxc5 Qa5 11. cxd5 Nxc5 12. Nd4 exd5 13. a3 Ne6 14. Ndb5 a6
15. b4 Qd8 16. Rxd5 Bd7 17. Qd2 axb5 18. Rxd7 Qxd7 19. Qxd7 Bxc3+ 20. Ke2 Rfd8
21. Qxb7 Ng5 22. e4 Rxa3 23. Qxb5 Ra2+ 24. Ke3 Bd2+ 0-1

[Event "Katerini GP"]
[Site "Katerini"]
[Date "1993.??.??"]
[Round "6"]
[White "Stefansson, Hannes"]
[Black "Pigusov, Evgeny"]
[Result "1/2-1/2"]
[WhiteElo "2500"]
[BlackElo "2585"]
[PlyCount "128"]
[EventDate "1993.08.??"]
[EventType "swiss"]
[EventRounds "9"]
[EventCountry "GRE"]
[Source "Fruth,M"]
[SourceDate "2003.05.15"]

1. d4 d5 2. c4 e6 3. Nc3 Be7 4. Nf3 Nf6 5. Bg5 h6 6. Bxf6 Bxf6 7. e3 O-O 8. Rc1
Nc6 9. cxd5 exd5 10. Be2 Ne7 11. O-O c6 12. b4 a6 13. a4 Be6 14. Ne1 Bf5 15.
Nd3 Bxd3 16. Bxd3 Qb6 17. Qb3 Rfd8 18. Rc2 a5 19. b5 Rac8 20. Ne2 c5 21. dxc5
Rxc5 22. Rxc5 Qxc5 23. Rc1 Qb6 24. g3 g6 25. Bb1 Be5 26. Ba2 Qf6 27. Kg2 Kg7
28. Qd3 Qd6 29. Rd1 Qb4 30. Bb3 Rc8 31. f3 b6 32. Rb1 Qa3 33. e4 dxe4 34. Qxe4
Bf6 35. Qe3 Qc5 36. Qxc5 Rxc5 37. Rd1 Nf5 38. Rd7 Ne7 39. Rb7 Re5 40. Kf2 Kf8
41. Rxb6 Kg7 42. Ra6 Nf5 43. Rxa5 Be7 44. Nf4 Bc5+ 45. Kg2 Re3 46. Bc2 Nd4 47.
Be4 f5 48. Bd5 g5 49. Nh5+ Kf8 50. Ra6 Rd3 51. Rf6+ Ke7 52. b6 Nc2 53. Re6+ Kd8
54. Nf6 Rd2+ 55. Kh3 Bxb6 56. Rxb6 Ne3 57. Rd6+ Kc7 58. Ne8+ Kb8 59. Be6 Re2
60. Ng7 Nf1 61. Nxf5 h5 62. Rd8+ Ka7 63. Rd7+ Kb8 64. Rd8+ Ka7 1/2-1/2

[Event "CRO Cup"]
[Site "Pula"]
[Date "1994.??.??"]
[Round "5"]
[White "Kozul, Zdenko"]
[Black "Lalic, Bogdan"]
[Result "0-1"]
[WhiteElo "2575"]
[BlackElo "2530"]
[PlyCount "71"]
[EventDate "1994.??.??"]
[EventType "team"]
[EventRounds "5"]
[EventCountry "CRO"]
[Source "Fruth,M"]
[SourceDate "2003.05.15"]

1. d4 Nf6 2. Nf3 e6 3. c4 d5 4. Nc3 Be7 5. Bg5 h6 6. Bxf6 Bxf6 7. e3 O-O 8. Rc1
c6 9. a3 Nd7 10. cxd5 exd5 11. b4 Be7 12. Qb3 a5 13. b5 a4 14. Qb2 Bd6 15. Be2
Qe7 16. Ra1 Nf6 17. O-O Bg4 18. bxc6 bxc6 19. Qc2 c5 20. dxc5 Bxc5 21. Nxa4
Bxe3 22. fxe3 Qxe3+ 23. Kh1 Rfc8 24. Qd1 Ne4 25. Nd4 Bxe2 26. Nxe2 Nf2+ 27.
Rxf2 Qxf2 28. Nac3 Ra5 29. a4 d4 30. Nb5 d3 31. Ned4 Rc4 32. Qxd3 Rcxa4 33. Rd1
Ra1 34. Nf3 R5a2 35. Qd8+ Kh7 36. Nh4 0-1

[Event "Lippstadt IT"]
[Site "Lippstadt"]
[Date "1994.??.??"]
[Round "8"]
[White "Farago, Ivan"]
[Black "Boensch, Uwe"]
[Result "1/2-1/2"]
[WhiteElo "2515"]
[BlackElo "2535"]
[PlyCount "61"]
[EventDate "1994.06.??"]
[EventType "tourn"]
[EventRounds "11"]
[EventCountry "GER"]
[EventCategory "8"]
[Source "Fruth,M"]
[SourceDate "2003.05.15"]

1. d4 Nf6 2. c4 e6 3. Nf3 d5 4. Nc3 Be7 5. Bg5 h6 6. Bxf6 Bxf6 7. e3 O-O 8. Qb3
c6 9. Rd1 Nd7 10. Bd3 Rb8 11. Qc2 a6 12. O-O b5 13. b3 Bb7 14. e4 dxc4 15. bxc4
e5 16. cxb5 cxb5 17. dxe5 Nxe5 18. Nxe5 Bxe5 19. Nd5 Kh8 20. Be2 Rc8 21. Qb1
Bxd5 22. Rxd5 Qf6 23. Kh1 g5 24. g3 Rfd8 25. f4 gxf4 26. gxf4 Bd4 27. Bg4 Rxd5
28. exd5 Rg8 29. Qf5 Qxf5 30. Bxf5 Rd8 31. Be4 1/2-1/2

[Event "Tel Aviv Cup rapid"]
[Site "Tel Aviv"]
[Date "1996.??.??"]
[Round "5"]
[White "Rechlis, Gad"]
[Black "Huzman, Alexander"]
[Result "1-0"]
[WhiteElo "2510"]
[BlackElo "2570"]
[PlyCount "68"]
[EventDate "1996.??.??"]
[EventType "k.o."]
[EventRounds "6"]
[EventCountry "ISR"]
[Source "Fruth,M"]
[SourceDate "2003.05.15"]

1. c4 e6 2. d4 d5 3. Nc3 Be7 4. Nf3 Nf6 5. Bg5 h6 6. Bxf6 Bxf6 7. e3 O-O 8. Rc1
c6 9. Bd3 Nd7 10. O-O dxc4 11. Bxc4 e5 12. h3 exd4 13. exd4 Nb6 14. Bb3 a5 15.
Re1 Re8 16. Qc2 Rxe1+ 17. Rxe1 a4 18. Nxa4 Nxa4 19. Bxa4 Be6 20. Bb3 Bd5 21.
Ne5 Qa5 22. Re3 Qb4 23. Bxd5 cxd5 24. Qc7 Bxe5 25. Qxe5 Qxb2 26. Qxd5 Qc1+ 27.
Kh2 Qc6 28. Qxc6 bxc6 29. a3 Ra4 30. Rd3 Kf8 31. Kg3 Ke7 32. Kf3 Kd6 33. Ke3
Kd5 34. Rc3 Ra7 1-0

[Event "Bad Homburg IT"]
[Site "Bad Homburg"]
[Date "1996.??.??"]
[Round "3"]
[White "Gabriel, Christian"]
[Black "Boensch, Uwe"]
[Result "1/2-1/2"]
[WhiteElo "2565"]
[BlackElo "2525"]
[PlyCount "117"]
[EventDate "1996.07.20"]
[EventType "tourn"]
[EventRounds "9"]
[EventCountry "GER"]
[EventCategory "12"]
[Source "Fruth,M"]
[SourceDate "2003.05.15"]

1. Nf3 d5 2. d4 Nf6 3. c4 e6 4. Nc3 Be7 5. Bg5 h6 6. Bxf6 Bxf6 7. e3 O-O 8. Qd2
Nc6 9. Rc1 a6 10. Be2 dxc4 11. Bxc4 e5 12. d5 Na7 13. Qc2 Bd7 14. O-O Nb5 15.
Ne4 Nd6 16. Bd3 Bb5 17. Rfd1 Bxd3 18. Qxd3 Nxe4 19. Qxe4 Qe7 20. Nd2 Rfd8 21.
Qc4 c6 22. dxc6 Rac8 23. Qe2 Rxc6 24. Rxc6 bxc6 25. Rc1 Qb4 26. Nc4 a5 27. Qe1
Ra8 28. b3 c5 29. Qxb4 cxb4 30. e4 a4 31. Kf1 axb3 32. axb3 Ra2 33. Rd1 Rc2 34.
Rd3 Kf8 35. Ke1 h5 36. g3 h4 37. Ne3 Rb2 38. Ng4 hxg3 39. hxg3 Ke7 40. Ne3 Ke6
41. Nf5 Be7 42. Nxg7+ Kf6 43. Nf5 Bc5 44. f3 Ke6 45. Kd1 Be7 46. f4 f6 47. Ne3
exf4 48. gxf4 Bc5 49. Nf5 Be7 50. Rd5 Bf8 51. Nd4+ Kf7 52. Rd7+ Ke8 53. Rb7 Bd6
54. e5 fxe5 55. Nf5 Bf8 56. fxe5 Rxb3 57. Rb8+ Kf7 58. e6+ Kf6 59. Rxf8+
1/2-1/2

[Event "EU Cup fin TT"]
[Site "Budapest"]
[Date "1996.??.??"]
[Round "2"]
[White "Cebalo, Miso"]
[Black "Boensch, Uwe"]
[Result "1-0"]
[WhiteElo "2515"]
[BlackElo "2525"]
[PlyCount "95"]
[EventDate "1996.11.27"]
[EventType "team"]
[EventRounds "4"]
[EventCountry "HUN"]
[Source "Fruth,M"]
[SourceDate "2003.05.15"]

1. d4 Nf6 2. Nf3 d5 3. c4 e6 4. Nc3 Be7 5. Bg5 h6 6. Bxf6 Bxf6 7. e3 O-O 8. Rc1
c6 9. Bd3 Nd7 10. cxd5 exd5 11. b4 a6 12. a4 Re8 13. O-O Nf8 14. b5 a5 15. Ne2
Bd7 16. Nf4 g6 17. Be2 Ne6 18. bxc6 Nxf4 19. cxd7 Nxe2+ 20. Qxe2 Qxd7 21. Qa2
Rec8 22. Qb3 Rxc1 23. Rxc1 Rc8 24. Rxc8+ Qxc8 25. g3 Qc6 26. Kg2 Kf8 27. Ng1
Be7 28. Ne2 Qc4 29. Qxc4 dxc4 30. Kf3 Bb4 31. Ke4 Be1 32. f3 f5+ 33. Kd5 Bd2
34. Kxc4 Bxe3 35. Kd5 Ke7 36. Nc3 Bg1 37. h3 Bf2 38. g4 Kf6 39. Nb5 Kg5 40. Ke6
fxg4 41. fxg4 Kh4 42. d5 Kxh3 43. d6 h5 44. gxh5 gxh5 45. d7 Bb6 46. Nc3 Bd8
47. Kf7 h4 48. Ke8 {Eine Musterpartie zum Thema Minoritätsangriff.} 1-0

[Event "SLO-ch TT"]
[Site "Ljubljana"]
[Date "1997.??.??"]
[Round "?"]
[White "Cvitan, Ognjen"]
[Black "Mikhalchishin, Adrian"]
[Result "1/2-1/2"]
[WhiteElo "2570"]
[BlackElo "2515"]
[PlyCount "22"]
[EventDate "1997.??.??"]
[EventType "team"]
[EventCountry "SLO"]
[Source "Fruth,M"]
[SourceDate "2003.05.15"]

1. d4 Nf6 2. Nf3 e6 3. c4 d5 4. Nc3 Be7 5. Bg5 h6 6. Bxf6 Bxf6 7. e3 O-O 8. Rc1
a6 9. cxd5 exd5 10. Bd3 c6 11. O-O Be6 1/2-1/2

[Event "SLO-ch TT"]
[Site "Ljubljana"]
[Date "1997.??.??"]
[Round "?"]
[White "Kozul, Zdenko"]
[Black "Mikhalchishin, Adrian"]
[Result "1/2-1/2"]
[WhiteElo "2605"]
[BlackElo "2515"]
[PlyCount "99"]
[EventDate "1997.??.??"]
[EventType "team"]
[EventCountry "SLO"]
[Source "Fruth,M"]
[SourceDate "2003.05.15"]

1. d4 Nf6 2. Nf3 e6 3. c4 d5 4. Nc3 Be7 5. Bg5 h6 6. Bxf6 Bxf6 7. e3 O-O 8. Qb3
c5 9. cxd5 cxd4 10. Nxd4 Bxd4 11. exd4 Qh4 12. dxe6 Qxd4 13. Qd5 Qxd5 14. Nxd5
Nc6 15. Nc7 Rb8 16. Bc4 Bxe6 17. Nxe6 Rfe8 18. O-O-O fxe6 19. Rhe1 Kf7 20. Rd3
Nd8 21. a4 Rc8 22. b3 a6 23. Kb2 Ke7 24. h4 Rc5 25. Red1 Rc7 26. Rg3 Kf7 27.
Re3 Ke7 28. f4 Rf8 29. Re4 Rd7 30. Rg1 Rd2+ 31. Kc3 Rf2 32. g3 Rf3+ 33. Kd2 g5
34. Ke2 g4 35. Re3 Rxe3+ 36. Kxe3 Nc6 37. Rc1 Na5 38. Be2 Kd6 39. b4 Nc6 40. b5
axb5 41. axb5 Nb4 42. Bxg4 Nd5+ 43. Kf2 e5 44. Bf3 exf4 45. g4 Ne3 46. Bxb7
Nxg4+ 47. Kf3 Ne5+ 48. Ke4 f3 49. b6 f2 50. Ba6 1/2-1/2

[Event "Graz op"]
[Site "Graz"]
[Date "1997.??.??"]
[Round "6"]
[White "Timoshenko, Georgy"]
[Black "Burmakin, Vladimir"]
[Result "1/2-1/2"]
[WhiteElo "2570"]
[BlackElo "2550"]
[PlyCount "51"]
[EventDate "1997.10.??"]
[EventType "swiss"]
[EventRounds "9"]
[EventCountry "AUT"]
[Source "Fruth,M"]
[SourceDate "2003.05.15"]

1. d4 d5 2. c4 e6 3. Nc3 Nf6 4. Nf3 Be7 5. Bg5 h6 6. Bxf6 Bxf6 7. e4 dxe4 8.
Nxe4 Nc6 9. Nxf6+ Qxf6 10. Qd3 b6 11. O-O-O Bb7 12. Be2 O-O-O 13. Qe3 Rd7 14.
Rd2 Rhd8 15. Rhd1 g5 16. Ne5 Nxe5 17. dxe5 Qe7 18. Rxd7 Rxd7 19. Rxd7 Qxd7 20.
f3 Qd8 21. g3 f5 22. exf6 Qxf6 23. f4 gxf4 24. gxf4 Bc6 25. Bg4 Bd7 26. a3
1/2-1/2

[Event "RUS-Cup"]
[Site "Krasnodar"]
[Date "1998.??.??"]
[Round "9"]
[White "Malaniuk, Vladimir P"]
[Black "Rustemov, Alexander"]
[Result "1/2-1/2"]
[WhiteElo "2600"]
[BlackElo "2575"]
[PlyCount "27"]
[EventDate "1998.??.??"]
[EventType "swiss"]
[EventRounds "9"]
[EventCountry "RUS"]
[Source "Fruth,M"]
[SourceDate "2003.05.15"]

1. d4 d5 2. c4 e6 3. Nf3 Nf6 4. Nc3 Be7 5. Bg5 h6 6. Bxf6 Bxf6 7. e3 O-O 8. Rc1
c6 9. Bd3 Nd7 10. O-O dxc4 11. Bxc4 e5 12. Ne4 exd4 13. Nxf6+ Nxf6 14. Qxd4
1/2-1/2

[Event "Hoogovens Blitz IT"]
[Site "Wijk aan Zee"]
[Date "1998.01.19"]
[Round "1"]
[White "Piket, Jeroen"]
[Black "Karpov, Anatoly"]
[Result "0-1"]
[WhiteElo "2575"]
[BlackElo "2735"]
[PlyCount "60"]
[EventDate "1998.01.19"]
[EventType "tourn (blitz)"]
[EventRounds "11"]
[EventCountry "NED"]
[EventCategory "17"]
[Source "Fruth,M"]
[SourceDate "2003.05.15"]

1. Nf3 Nf6 2. c4 e6 3. Nc3 d5 4. d4 Be7 5. Bg5 h6 6. Bxf6 Bxf6 7. e3 O-O 8. Rc1
c6 9. Bd3 Nd7 10. O-O Re8 11. h3 dxc4 12. Bxc4 e5 13. Ne4 exd4 14. Nd6 Rf8 15.
Qb3 Qe7 16. Nxc8 Raxc8 17. exd4 Nb6 18. Bd3 Rcd8 19. Rfe1 Qd6 20. Rcd1 Rfe8 21.
Rxe8+ Rxe8 22. a3 Kf8 23. Bf1 g6 24. Qc2 Kg7 25. a4 Nd5 26. b3 Re7 27. Bc4 Nf4
28. Bf1 Qd5 29. Qc3 c5 30. Qxc5 Nxh3+ 0-1

[Event "Zepter op"]
[Site "Minsk"]
[Date "1998.04.29"]
[Round "5"]
[White "Volkov, Sergey"]
[Black "Asrian, Karen"]
[Result "0-1"]
[WhiteElo "2545"]
[BlackElo "2555"]
[PlyCount "110"]
[EventDate "1998.04.25"]
[EventType "swiss"]
[EventRounds "9"]
[EventCountry "BLR"]
[Source "Fruth,M"]
[SourceDate "2003.05.15"]

1. d4 d5 2. c4 e6 3. Nc3 Nf6 4. Bg5 Be7 5. Nf3 h6 6. Bxf6 Bxf6 7. e3 O-O 8. Qb3
c6 9. Rd1 Nd7 10. Bd3 Rb8 11. Qc2 Qa5 12. Nd2 a6 13. Nb3 Qd8 14. e4 dxc4 15.
Bxc4 b5 16. Be2 e5 17. f4 exd4 18. Nxd4 Bxd4 19. Rxd4 Qb6 20. Rd6 Qc5 21. Qd2
Nb6 22. Qd4 Qxd4 23. Rxd4 Be6 24. f5 Bc4 25. b3 Bxe2 26. Kxe2 b4 27. Rxb4 c5
28. Rxb6 Rxb6 29. Nd5 Rb7 30. Rc1 Rc8 31. b4 c4 32. a4 f6 33. Kd2 Kf7 34. Kc3
Ke8 35. Rd1 Rc6 36. g4 Rb8 37. h4 Kf7 38. Rd4 Ke8 39. Rd1 Kf7 40. Rd2 Ra8 41.
Nf4 Ke7 42. Nd5+ Kf7 43. Rb2 Re8 44. Re2 Rd6 45. Kxc4 Rc6+ 46. Kd4 Rc1 47. Re3
Rec8 48. Rb3 Rd1+ 49. Ke3 Rh1 50. Nf4 Rcc1 51. Kd4 Ra1 52. a5 Rxh4 53. Rg3 h5
54. Nxh5 Rb1 55. Kc3 Rhh1 0-1

[Event "RUS-Cup07"]
[Site "Tomsk"]
[Date "1998.07.20"]
[Round "6"]
[White "Bezgodov, Alexei"]
[Black "Makarov, Marat"]
[Result "1/2-1/2"]
[WhiteElo "2520"]
[BlackElo "2540"]
[PlyCount "23"]
[EventDate "1998.07.15"]
[EventType "swiss"]
[EventRounds "9"]
[EventCountry "RUS"]
[Source "Fruth,M"]
[SourceDate "2003.05.15"]

1. d4 d5 2. Nf3 Nf6 3. c4 e6 4. Nc3 Be7 5. Bg5 h6 6. Bxf6 Bxf6 7. e3 O-O 8. Rc1
c6 9. Bd3 dxc4 10. Bxc4 Nd7 11. O-O e5 12. h3 1/2-1/2